Deindustrialisation and Its Drivers: <An> Input-Output Approach dizertačná práca

Gespeichert in:
Bibliographische Detailangaben
1. Verfasser: Stracová, Erika, 1993-
Körperschaft: Národohospodárska fakulta EU. Katedra hospodárskej politiky
Weitere Verfasser: Lábaj, Martin, 1982-
Format: Buch
Sprache:Englisch
Slowakisch
Veröffentlicht: Bratislava 2019
Schlagworte:
Tags: Tag hinzufügen
Keine Tags, Fügen Sie das erste Tag hinzu!

MARC

LEADER 00000nbm a2200000 4500
001 0257161
005 20230302102617.6
041 0 |a eng 
041 0 |a slo 
044 |a SK 
245 1 0 |a Deindustrialisation and Its Drivers: <An> Input-Output Approach  |b dizertačná práca  |c Erika Stracová ; školiteľ: Martin Lábaj 
264 1 |a Bratislava  |c 2019 
300 |a 116 s. 
610 2 0 |a priemysel spracovateľský 
610 2 0 |a sily výrobné 
610 2 0 |a zamestnanosť 
610 2 0 |a input-output 
610 2 0 |a analýzy 
610 2 0 |a dekompozícia 
100 1 |a Stracová, Erika, 1993- 
700 1 |a Lábaj, Martin, 1982- 
710 2 |a Národohospodárska fakulta EU. Katedra hospodárskej politiky